000
00320nam a22001457a 4500
003
OSt
008
200714b ||||| |||| 00| 0 eng d
100
_a
Chandra, Suresh & Mishra
245
_a
Pharmacology
250
_a
2019
260
_a
Agra
_b
R.Narain
300
_a
Pg-248
650
_a
Pharmacology
942
_2
ddc
_c
BK
999
_c
8954
_d
8954